Tvorivosť a inovačný proces v riadiacej činnosti súčasného manažéra.
Aktivity podmieňujúce úspešné podnikanie v poľnohospodárstve. Organizačné a riadiace súvislosti tvorivosti a inovačnej činnosti. Charakteristické vlastnosti tvorivej osobnosti. Nutnosť transformácie vedúcich pracovníkov poľnohospodárskych podnikov.
Uložené v:
| Hlavný autor: | |
|---|---|
| Médium: | Kapitola |
| Jazyk: | Slovak |
| Predmet: | |
| Tagy: |
Žiadne tagy, Buďte prvý, kto otaguje tento záznam!
|
MARC
| LEADER | 00000naa a2200000 4500 | ||
|---|---|---|---|
| 001 | r003332 | ||
| 005 | 20221125081648.2 | ||
| 041 | 0 | |a slo | |
| 044 | |a [CS] | ||
| 245 | 1 | 0 | |a Tvorivosť a inovačný proces v riadiacej činnosti súčasného manažéra. |c Mária Kadlečíková |
| 520 | |a Aktivity podmieňujúce úspešné podnikanie v poľnohospodárstve. Organizačné a riadiace súvislosti tvorivosti a inovačnej činnosti. Charakteristické vlastnosti tvorivej osobnosti. Nutnosť transformácie vedúcich pracovníkov poľnohospodárskych podnikov. | ||
| 610 | 2 | 0 | |a pracovníci riadiaci |
| 610 | 2 | 0 | |a poľnohospodárstvo |
| 610 | 2 | 0 | |a inovácia |
| 610 | 2 | 0 | |a podnik poľnohospodársky |
| 610 | 2 | 0 | |a štruktúra organizačná |
| 100 | 1 | |a Kadlečíková, Mária | |